书目信息 |
| 题名: |
苏苏作品选
|
|
| 作者: | 钟望阳 著 | |
| 分册: | ||
| 出版信息: | 上海 少年儿童出版社 1982.10 |
|
| 页数: | 335页 | |
| 开本: | 20cm | |
| 丛书名: | ||
| 单 册: | ||
| 中图分类: | I286.4 | |
| 科图分类: | ||
| 主题词: | 儿童文学--中国 , 儿童文学--中国--丛书 | |
| 电子资源: | ||
| ISBN: | ||
| 000 | 00584nam0 2200217 45 | |
| 001 | 0312221749 | |
| 005 | 20040408085713.3 | |
| 010 | @dCNY0.85 | |
| 091 | @aR10024.3944 | |
| 100 | @a20031222d1982 km y0chiy0120 ea | |
| 101 | @achi | |
| 105 | @a z 000yy | |
| 200 | 1 | @a苏苏作品选@ASu Su Zuo Pin Xuan@f钟望阳著@FZhong Wang Yang Zhu |
| 210 | @a上海@c少年儿童出版社@d1982.10 | |
| 215 | @a335页@d20cm | |
| 606 | 0 | @a儿童文学@x中国 |
| 606 | 0 | @a儿童文学@x中国@x丛书 |
| 690 | @aI286.4@v3 | |
| 701 | 0 | @a钟望阳@4著 |
| 801 | @aCN@bTSTCL@c20031222 | |
| 905 | @dI286.4@e46@b149147-148@f2 | |
| 苏苏作品选/钟望阳著.-上海:少年儿童出版社,1982.10 |
| 335页;20cm |
| ISBN :CNY0.85 |
| ● |
| 相关链接 |
|
|
|
|
正题名:苏苏作品选
索取号:I286.4/46
 
预约/预借
| 序号 | 登录号 | 条形码 | 馆藏地/架位号 | 状态 | 备注 |
| 1 | 0149147 | 000891592 | 第二借阅区/ [索取号:I286.4/46] | 在馆 | |
| 2 | 0149148 | 000891422 | 第二借阅区/ [索取号:I286.4/46] | 在馆 | |
| 3 | 0179147 | 000891592 | 第二借阅区/ [索取号:I286.4/46] | 在馆 | |
| 4 | 0179148 | 000891422 | 第二借阅区/ [索取号:I286.4/46] | 在馆 | |
| 5 | 0179149 | 000891388 | 第一样本阅览室/ [索取号:I286.4/46] | 在馆 |